Estatísticas para Cultura Geral

Clique aqui para jogar o quiz

Estatísticas Gerais

  • Esse quiz foi jogado 6 vezes
  • A pontuação média é 9 de 15

Estatísticas das Respostas

HintResposta% Correto
Que nome damos á interrupção da gravidez resultante da remoção do feto ou embrião antes de este ter a capacidade de sobreviver fora do úteros?Aborto
100%
Que nome damos á peça macia onde se apoia a cabeça para dormir?Almofada
100%
Que peça de mobília é usada como lugar para dormir ou relaxar?Cama
100%
Que nome damos ao utensílio de tecido, usado como roupa de cama, sobre o lençóis,como proteção contra o frio?Cobertor
100%
Que nome damos á falta de emprego?Desemprego
100%
Que nome damos ao profissional que aplica a lei?Juiz
100%
Que nome damos ao acto de deixar o seu país de origem para se estabelecer em um país estrangeiro?Emigração
83%
Que nome damos ao utensílio de tecido, usado como roupa de cama, para cobrir o colchão, ou o corpo de uma pessoa que está dormindo?Lençol
83%
Que nome damos á ciência que estuda a natureza humana?Antropologia
50%
Que nome damos a protestos para exigir justiça, respeito e bens para o trabalhador?Greve
33%
Em que estado dos EUA podemos encontrar a cidade de BostonMassachusetts
33%
Que nome damos á percepção real de estímulos inexistentes?Alucinação
17%
Que nome damos ao estudo da cultura egípcia?Egiptologia
17%
Que nome damos á representação de uma pessoa numa moeda, pintura ou escultura?Efígie
0%
Que palavra é usada quando algo é feito sem raciocínio lógico?Irracionalidade
0%

Distribuição das Pontuações

Percentil de Números Respondidos

Porcentagem de Pessoas com Cada Pontuação

Sua Pontuação Histórica

Você não jogou esse quiz